000 00503nam a2200181Ia 4500
008 100920s9999 xx 000 0 und d
082 _b70171
_a891.464 थ 97
100 _aअकोलकर प्रकाश.
245 _aझोत.
260 _bअनुभव-अक्षरधन, मुंबई.
_c1997
300 _a189
_bसाधी
365 _b120
520 _aनिबंध.
630 _aझोत.
650 _aनिबंध.
730 _aझोत.
942 _cBOOK
999 _c712218
_d712215